000 00300 a2200145 4500
001 60625
020 _a8522200106
040 _cAnchieta - Pituba
240 1 0 _aMaterial pedagógico
_lpor
245 1 0 _aMaterial pedagógico
300 _a258
362 0 _a1981
650 4 _aEducação
942 _cBK
999 _c60625
_d60625